| 000 | 00472nam a22001577a 4500 | ||
|---|---|---|---|
| 008 | 220713b ||||| |||| 00| 0 eng d | ||
| 020 | _a9788194398554 | ||
| 082 |
_a001.076 _bKOT |
||
| 100 | _aKohli R.K. | ||
| 245 |
_aTree Treasure of Chandigarh _b: A Guide to Diverse Urban Treescape _cBy R.K. Kohli |
||
| 260 |
_aPatiala _bSLM Publishers _c2020 |
||
| 300 | _a246p. | ||
| 650 | _aGENERAL BOOKS | ||
| 700 |
_aKahol Vikas _aSingh H.P. _aKahol Navdeep |
||
| 942 | _cBK | ||
| 999 |
_c45283 _d45283 |
||